El Derecho provincial / José Ma Mándoli Giró ; prólogo de Ignacio Subirachs Ricart
Descripción Física:
162 p. ; 21 cm
Otros Autores:
Subirachs Ricart, Ignacio, pr
MARC
| LEADER | 00000nam a2200000Ia 4500 | ||
|---|---|---|---|
| 001 | 14349 | ||
| 008 | 160829s9999 xx 000 0 cat d | ||
| 080 | |a D-2-199 | ||
| 100 | 1 | |a Màndoli, Josep Ma. |9 20279 | |
| 245 | |a El Derecho provincial / José Ma Mándoli Giró ; prólogo de Ignacio Subirachs Ricart | ||
| 260 | |a Barcelona : |b Centro de Administración Municipal, DL 1961 | ||
| 300 | |a 162 p. ; |c 21 cm | ||
| 650 | |a Administració províncial |x Dret i legislació |x Espanya |9 44264 | ||
| 700 | |a Subirachs Ricart, Ignacio, pr. |9 34529 | ||
| 901 | |a Arxiu | ||
| 942 | |n 1 | ||
| 952 | |0 2 |1 0 |2 udc |4 0 |5 2 |6 D2199 |7 1 |9 46553 |a Arxiu |b Arxiu |d 2016-12-01 |l 0 |o D-2-199 |p 14349 |r 2016-12-01 00:00:00 |w 2016-12-01 |y ARXIU | ||
| 999 | |c 50346 |d 50346 | ||